|
|
|
|
| LEADER |
00000nab a2200000 a 4500 |
| 001 |
vtls000873201 |
| 003 |
SK-MaSNL |
| 005 |
20260302160351.0 |
| 008 |
040806c2004 xo 0 slo |
| 015 |
|
|
|a SNBRB2004/05-15550
|
| 035 |
|
|
|a CLN000224753
|
| 040 |
|
|
|a SNKBUCL
|b slo
|c SNKBUCL
|e AACR2
|
| 041 |
0 |
|
|a slo
|
| 044 |
|
|
|a xo
|c SK
|
| 080 |
|
|
|a 796.853.23.093.1(4)
|2 UDC-MRF-SK2
|
| 245 |
0 |
0 |
|a Pálkovács útočil na bronz
|b Majstrovstvá Európy v džude
|
| 611 |
1 |
7 |
|a Majstrovstvá Európy v džude
|n (53. :
|d 2004 :
|c Bukurešť, Rumunsko)
|2 snkbucl
|9 856381
|
| 650 |
0 |
7 |
|a džudo
|2 snkbucl
|9 3273
|
| 655 |
|
7 |
|a články z novín a časopisov
|2 snkbucl
|9 267496
|
| 773 |
0 |
|
|x 0139-7001
|t Šport
|g Roč. 58, č. 112 (17.5.2004), s. 4
|
| 850 |
|
|
|a Slovenská národná knižnica v Martine
|
| 852 |
|
|
|a SNK
|b KIS3GCP
|
| 999 |
|
|
|c 1374331
|d 1376261
|